Normal view
MARC view
- Dieterich, Heinz,
Entry Nombre Personal
001 - NUMERO DE CONTROL
- campo de control: 30850
003 - IDENTIFICADOR DE NUMERO DE CONTROL
- campo de control: UPN
005 - FECHA Y HORA DE LA ÜLTIMA TRANSACCIÓN
- campo de control: 20210219194417.0
008 - DATOS DE LONGITUD FIJA
- campo de control de longitud fija: nabaccnnaabn|||||||||| b |nc|||||d
035 ## - NUMERO DE CONTROL
- Número de control: UPN11000002956
040 ## - FUENTE DE CATALOGACIÓN
- Lenguaje de catalogación: SPA
- Agencia de transcripción: UPN
100 1# - ENCABEZAMIENTO - NOMBRE PERSONAL
- Nombre personal: Dieterich, Heinz,
- Fechas asociadas con el nombre: 1943-
400 1# - VEÁSE - NOMBRE DE PERSONA
- Personal name: Dieterich Steffan, Heinz,
- Dates associated with a name: 1943-
670 ## - FUENTE EN LA QUE SE LOCALIZARON DATOS
- Cita de la fuente: LC
680 ## - NOTA PUBLICA DE ACCESO PÚBLICO
- Frase explicativa de la referencia: Sociólogo y analista político alemán residente en México
902 ## - CATALOGADOR
- Catalogador: CAA/040311
